000 00790cab a2200253 4500
001 ABS54145
008 090401t1995 xxu||||| |||| 00| 0 eng d
035 _a(Sirsi) u8785
041 _aeng
245 _aSpecial report: business parks
260 _c1995
350 _a0
490 _aProperty Week
_v53(11/12) 14 December 1995, 36-40(5)
520 _aA comparison of two business parks, Crossways at Dartford and Arlington business park at Theale. The site study considers location and communications as well as design and facilities.
650 _aARLINGTON
650 _aBUSINESS PARKS
650 _aCROSSWAYS
650 _aFLEXIBLE LEASES
650 _aLANDSCAPING
650 _aMOTORWAYS
690 _aPROPERTY-COMMERCIAL PROPERTY
942 _n0
948 _c04/03/1997
999 _c5444
_d5444